[Event "CAN-op"]
[Site "Sackville CAN"]
[Date "2001.07.14"]
[Round "9"]
[White "Ng, Gary"]
[Black "Chranowski, Rick"]
[Result "1-0"]
[WhiteElo "1731"]
[BlackElo "1913"]
[PlyCount "85"]
[GameId "2160767911564336"]
[EventDate "2001.07.07"]
[EventType "swiss"]
[EventRounds "10"]
[EventCountry "CAN"]
[SourceTitle "EXT 2006"]
[Source "ChessBase"]
[SourceDate "2005.11.24"]
[SourceVersion "1"]
[SourceVersionDate "2005.11.24"]
[SourceQuality "1"]

1. f4 b6 2. Nf3 Bb7 3. b3 e6 4. Bb2 Nf6 5. e3 d5 6. Ne5 Ne4 7. Qh5 g6 8. Qh3 Bg7 9. Bb5+ Kf8 10. O-O a6 11. Be2 Nd7 12. d3 Nd6 13. Nd2 f5 14. Ndf3 Nxe5 15. Bxe5 Nf7 16. d4 Bxe5 17. dxe5 c5 18. c4 Qe7 19. Rfd1 Kg7 20. g4 fxg4 21. Qxg4 Nh6 22. Qg5 Qxg5+ 23. Nxg5 Rhe8 24. Rd3 Nf7 25. Nxf7 Kxf7 26. Rad1 Red8 27. Bf3 Ke7 28. cxd5 exd5 29. Bxd5 Rxd5 30. Rxd5 Bxd5 31. Rxd5 Rd8 32. Rxd8 Kxd8 33. Kf2 Ke7 34. Kf3 Ke6 35. Ke4 h6 36. h4 h5 37. Kd3 b5 38. a4 Kd5 39. a5 Ke6 40. Ke4 b4 41. Kd3 g5 42. fxg5 Kxe5 43. Kc4 1-0

[Event "CAN-op"]
[Site "Sackville CAN"]
[Date "2001.07.14"]
[Round "9"]
[White "Nuschke, Alex"]
[Black "Nunes, Garvin"]
[Result "1-0"]
[WhiteElo "1632"]
[BlackElo "1794"]
[PlyCount "71"]
[GameId "2160767911564337"]
[EventDate "2001.07.07"]
[EventType "swiss"]
[EventRounds "10"]
[EventCountry "CAN"]
[SourceTitle "EXT 2006"]
[Source "ChessBase"]
[SourceDate "2005.11.24"]
[SourceVersion "1"]
[SourceVersionDate "2005.11.24"]
[SourceQuality "1"]

1. e4 c6 2. d4 d5 3. Nc3 dxe4 4. Nxe4 Nd7 5. Nf3 Ngf6 6. Bd3 Nxe4 7. Bxe4 Nf6 8. Bd3 e6 9. Bg5 Be7 10. c4 c5 11. Qa4+ Bd7 12. Qc2 cxd4 13. Nxd4 Qa5+ 14. Bd2 Qe5+ 15. Ne2 Bc6 16. f3 Rc8 17. Bc3 Qg5 18. Ng3 h5 19. Bd4 Bb4+ 20. Kf2 Ng4+ 21. Kf1 h4 22. Ne4 Ne3+ 23. Bxe3 Qxe3 24. Qe2 Qf4 25. a3 Be7 26. b4 b6 27. Kf2 Rd8 28. Rad1 O-O 29. g3 Qh6 30. Qe3 Qxe3+ 31. Kxe3 Ba4 32. Rd2 Rd7 33. Nc3 Bc6 34. Rhd1 Rfd8 35. Be4 Bxe4 36. Rxd7 1-0

[Event "CAN-op"]
[Site "Sackville CAN"]
[Date "2001.07.14"]
[Round "9"]
[White "Palsson, Halldor"]
[Black "Mulyar, Michael"]
[Result "1/2-1/2"]
[WhiteElo "2182"]
[BlackElo "2431"]
[PlyCount "34"]
[GameId "2160767911564338"]
[EventDate "2001.07.07"]
[EventType "swiss"]
[EventRounds "10"]
[EventCountry "CAN"]
[SourceTitle "EXT 2006"]
[Source "ChessBase"]
[SourceDate "2005.11.24"]
[SourceVersion "1"]
[SourceVersionDate "2005.11.24"]
[SourceQuality "1"]

1. d4 Nf6 2. c4 e6 3. Nc3 Bb4 4. Qc2 c5 5. dxc5 O-O 6. a3 Bxc5 7. Nf3 b6 8. Bg5 Bb7 9. e3 Be7 10. Bd3 h6 11. Bh4 Na6 12. b4 Rc8 13. Rc1 Nc7 14. O-O a5 15. Qb1 axb4 16. axb4 d5 17. Rfd1 Nh5 1/2-1/2

[Event "CAN-op"]
[Site "Sackville CAN"]
[Date "2001.07.14"]
[Round "9"]
[White "Poirier, David"]
[Black "Roschman, Paul"]
[Result "1-0"]
[WhiteElo "1880"]
[BlackElo "1625"]
[PlyCount "68"]
[GameId "2160767911564339"]
[EventDate "2001.07.07"]
[EventType "swiss"]
[EventRounds "10"]
[EventCountry "CAN"]
[SourceTitle "EXT 2006"]
[Source "ChessBase"]
[SourceDate "2005.11.24"]
[SourceVersion "1"]
[SourceVersionDate "2005.11.24"]
[SourceQuality "1"]

1. d4 Nf6 2. Nf3 g6 3. Bf4 d6 4. e3 Bg7 5. h3 O-O 6. Be2 Nbd7 7. O-O c6 8. c3 Ne4 9. Nfd2 Nxd2 10. Nxd2 d5 11. Nf3 f6 12. Bh2 e5 13. Qc2 b5 14. a4 e4 15. Nd2 bxa4 16. Rxa4 Rf7 17. Rfa1 Nb6 18. R4a2 Be6 19. Nb3 f5 20. Nc5 Bc8 21. Ba6 Bf8 22. Bxc8 Nxc8 23. Ne6 Qb6 24. Ra6 Qb7 25. Nd8 Qd7 26. Nxf7 Kxf7 27. Qa4 Ne7 28. Rxa7 Rxa7 29. Qxa7 Qe6 30. Qc7 g5 31. Ra6 h5 32. Bd6 Kf6 33. Bxe7+ Qxe7 34. Qxe7+ Bxe7 1-0

[Event "CAN-op"]
[Site "Sackville CAN"]
[Date "2001.07.14"]
[Round "9"]
[White "Predescu, Sebastian"]
[Black "Deimert, Elroy"]
[Result "1-0"]
[WhiteElo "2025"]
[BlackElo "1783"]
[PlyCount "87"]
[GameId "2160767911564340"]
[EventDate "2001.07.07"]
[EventType "swiss"]
[EventRounds "10"]
[EventCountry "CAN"]
[SourceTitle "EXT 2006"]
[Source "ChessBase"]
[SourceDate "2005.11.24"]
[SourceVersion "1"]
[SourceVersionDate "2005.11.24"]
[SourceQuality "1"]

1. e4 c5 2. Nf3 g6 3. d4 cxd4 4. Nxd4 Bg7 5. Be3 Nc6 6. c4 Nf6 7. Nc3 O-O 8. Be2 Qb6 9. Ndb5 Qd8 10. O-O a6 11. Nd4 Re8 12. Qd2 Rb8 13. Rad1 Qa5 14. a3 d6 15. b4 Qxa3 16. Nc2 Qb2 17. Rb1 Nxe4 18. Nxe4 Qe5 19. Bf3 Qe6 20. Ng5 Qd7 21. Bd4 Nxd4 22. Nxd4 Qc7 23. Be2 Qd7 24. Nb3 Bh6 25. f4 b5 26. c5 Bb7 27. Bf3 Bxf3 28. Nxf3 Red8 29. Rbd1 Qa7 30. Qf2 dxc5 31. Nxc5 a5 32. Qa2 a4 33. Ne5 Rxd1 34. Qxf7+ Kh8 35. Rxd1 Rf8 36. Rd7 Rxf7 37. Nxf7+ Kg7 38. Rxa7 Kxf7 39. g3 Bg7 40. Kf1 Bc3 41. Na6 Kf6 42. Nc7 e6 43. Nxb5 Bxb4 44. Rxa4 1-0

[Event "CAN-op"]
[Site "Sackville CAN"]
[Date "2001.07.14"]
[Round "9"]
[White "Puiras, Jarmo"]
[Black "Brown, John R"]
[Result "1-0"]
[WhiteElo "1862"]
[BlackElo "1723"]
[PlyCount "53"]
[GameId "2160767911564341"]
[EventDate "2001.07.07"]
[EventType "swiss"]
[EventRounds "10"]
[EventCountry "CAN"]

1. e4 d6 2. d4 Nf6 3. Nc3 g6 4. f4 Bg7 5. Nf3 O-O 6. h3 c5 7. Be3 Qa5 8. Bd2 cxd4 9. Nxd4 Qb6 10. Nb3 Nc6 11. Qf3 a6 12. O-O-O Qc7 13. g4 b5 14. g5 Nh5 15. Nd5 Qd8 16. Bc3 e5 17. h4 a5 18. Bxb5 Nb8 19. fxe5 a4 20. Nc5 Nd7 21. Bxd7 Bxd7 22. exd6 Be6 23. Bxg7 Nxg7 24. Nf6+ Kh8 25. h5 Ne8 26. Nb7 Qc8 27. hxg6 1-0

[Event "CAN-op"]
[Site "Sackville CAN"]
[Date "2001.07.14"]
[Round "9"]
[White "Quiring, John"]
[Black "McCusky, Louis"]
[Result "1-0"]
[WhiteElo "1974"]
[BlackElo "1547"]
[PlyCount "55"]
[GameId "2160767911564342"]
[EventDate "2001.07.07"]
[EventType "swiss"]
[EventRounds "10"]
[EventCountry "CAN"]
[SourceTitle "EXT 2006"]
[Source "ChessBase"]
[SourceDate "2005.11.24"]
[SourceVersion "1"]
[SourceVersionDate "2005.11.24"]
[SourceQuality "1"]

1. e4 c5 2. Nc3 d6 3. f4 Nf6 4. Bc4 Bg4 5. Nf3 Nc6 6. d3 h6 7. h3 Bh5 8. g4 Nxg4 9. hxg4 Bxg4 10. Be3 e6 11. Qe2 a6 12. O-O-O Na5 13. Rdg1 Nxc4 14. dxc4 Bxf3 15. Qxf3 Qd7 16. f5 O-O-O 17. fxe6 Qxe6 18. Nd5 Kb8 19. Bg5 Re8 20. Rg4 f6 21. Be3 Qf7 22. Qg3 Re5 23. Rf1 f5 24. Bxc5 Qe6 25. exf5 Rxf5 26. Rxf5 Qxf5 27. Rf4 Qg5 28. Qxg5 1-0

[Event "CAN-op"]
[Site "Sackville CAN"]
[Date "2001.07.14"]
[Round "9"]
[White "Saunders, Stephen"]
[Black "Strub, Michael"]
[Result "1-0"]
[WhiteElo "2070"]
[BlackElo "1690"]
[PlyCount "55"]
[GameId "2160767911564343"]
[EventDate "2001.07.07"]
[EventType "swiss"]
[EventRounds "10"]
[EventCountry "CAN"]

1. d4 Nf6 2. c4 e6 3. Nc3 d5 4. cxd5 exd5 5. Bg5 Nbd7 6. e3 Be7 7. Qc2 c6 8. Bd3 O-O 9. Nge2 Re8 10. O-O Nf8 11. f3 b6 12. Rad1 Bb7 13. e4 Rc8 14. e5 N6d7 15. Bxe7 Qxe7 16. f4 a6 17. Ng3 g6 18. f5 Qb4 19. Qf2 Re7 20. a3 Qa5 21. f6 Ree8 22. Qd2 c5 23. Qh6 Ne6 24. Bxg6 Ndf8 25. Bxh7+ Nxh7 26. Rf4 Kh8 27. Rh4 Neg5 28. Qg7# 1-0

[Event "CAN-op"]
[Site "Sackville CAN"]
[Date "2001.07.14"]
[Round "9"]
[White "Sauve, Richard"]
[Black "Demmery, Steve"]
[Result "1/2-1/2"]
[WhiteElo "1948"]
[BlackElo "2125"]
[PlyCount "72"]
[GameId "2160767911564344"]
[EventDate "2001.07.07"]
[EventType "swiss"]
[EventRounds "10"]
[EventCountry "CAN"]
[SourceTitle "EXT 2006"]
[Source "ChessBase"]
[SourceDate "2005.11.24"]
[SourceVersion "1"]
[SourceVersionDate "2005.11.24"]
[SourceQuality "1"]

1. d4 d5 2. c4 Bf5 3. Nc3 e6 4. Nf3 c6 5. a4 Nf6 6. Bg5 Qb6 7. Bxf6 Qxb2 8. Qc1 Qxc1+ 9. Rxc1 gxf6 10. cxd5 cxd5 11. Nh4 Ba3 12. e4 Bxc1 13. exf5 a6 14. Bd3 Nc6 15. Nf3 Nb4 16. Bb1 Rc8 17. Ne2 Bh6 18. Kd1 O-O 19. g4 Rfe8 20. h4 e5 21. g5 Bg7 22. Rg1 fxg5 23. dxe5 Bxe5 24. Nxg5 h6 25. f4 Bb2 26. Ne4+ Kf8 27. Nd6 Rxe2 28. Kxe2 Rc7 29. f6 Bxf6 30. Nf5 Rc4 31. Nxh6 Bxh4 32. Rg8+ Ke7 33. Nf5+ Kd7 34. Nxh4 Rxf4 35. Nf3 Nc6 36. Rg7 Rxa4 1/2-1/2

[Event "CAN-op"]
[Site "Sackville CAN"]
[Date "2001.07.14"]
[Round "9"]
[White "Smith, Andrew I"]
[Black "Smith, Jody"]
[Result "1-0"]
[WhiteElo "1922"]
[BlackElo "1740"]
[PlyCount "53"]
[GameId "2160767911564345"]
[EventDate "2001.07.07"]
[EventType "swiss"]
[EventRounds "10"]
[EventCountry "CAN"]
[SourceTitle "EXT 2006"]
[Source "ChessBase"]
[SourceDate "2005.11.24"]
[SourceVersion "1"]
[SourceVersionDate "2005.11.24"]
[SourceQuality "1"]

1. e4 c5 2. Nc3 Nc6 3. g3 Nf6 4. Bg2 e5 5. d3 Be7 6. f4 d6 7. h3 O-O 8. Nge2 Nh5 9. f5 Nd4 10. O-O Nxe2+ 11. Nxe2 Qb6 12. Kh2 d5 13. exd5 Bd6 14. Be4 Bd7 15. c4 Nf6 16. Nc3 Be7 17. Qe2 Qd8 18. Bg2 Rb8 19. Qxe5 Re8 20. d6 Bf8 21. Qxc5 b6 22. Qc7 Bxf5 23. Rxf5 Bxd6 24. Qxd8 Rbxd8 25. Ne4 Be5 26. Nxf6+ Bxf6 27. Be4 1-0

[Event "CAN-op"]
[Site "Sackville CAN"]
[Date "2001.07.14"]
[Round "9"]
[White "Taylor, William"]
[Black "Palmer, Jordan"]
[Result "1-0"]
[WhiteElo "1953"]
[BlackElo "1765"]
[PlyCount "119"]
[GameId "2160767911564347"]
[EventDate "2001.07.07"]
[EventType "swiss"]
[EventRounds "10"]
[EventCountry "CAN"]
[SourceTitle "EXT 2006"]
[Source "ChessBase"]
[SourceDate "2005.11.24"]
[SourceVersion "1"]
[SourceVersionDate "2005.11.24"]
[SourceQuality "1"]

1. f4 d5 2. e3 Nf6 3. b3 Bg4 4. Be2 Bxe2 5. Qxe2 Nc6 6. Bb2 e6 7. Nf3 Bc5 8. Ne5 Ne4 9. Nxc6 bxc6 10. O-O d4 11. d3 Nf6 12. e4 O-O 13. Ba3 Qe7 14. Bxc5 Qxc5 15. a4 Rfe8 16. Na3 Qh5 17. Qxh5 Nxh5 18. g4 Nf6 19. h3 e5 20. f5 Nd7 21. g5 f6 22. h4 a5 23. Kh2 Kf7 24. Rf3 h6 25. gxh6 gxh6 26. Rg1 Nb6 27. Rfg3 Rg8 28. Rg6 Rxg6 29. fxg6+ Kg7 30. h5 Rf8 31. Rf1 Re8 32. Kg3 Re7 33. Kg4 Re8 34. Nb1 c5 35. Nd2 c6 36. Nf3 Nc8 37. Nh4 Nd6 38. Nf5+ Nxf5 39. Kxf5 Re7 40. Rc1 c4 41. Rb1 cxd3 42. cxd3 Rb7 43. Ke6 c5 44. Kd5 Rb8 45. Kc6 Kf8 46. Rb2 Ke7 47. Kxc5 f5 48. exf5 Kf6 49. Kd5 Kxf5 50. Rf2+ Kg5 51. g7 Rg8 52. Ke6 Kxh5 53. Kf7 Rxg7+ 54. Kxg7 Kg5 55. Re2 h5 56. Rxe5+ Kf4 57. Rxa5 Ke3 58. Rxh5 Kxd3 59. a5 Kc3 60. a6 1-0

[Event "CAN-op"]
[Site "Sackville CAN"]
[Date "2001.07.14"]
[Round "9"]
[White "Tremblay, Brent"]
[Black "Kekely, John"]
[Result "1/2-1/2"]
[WhiteElo "1634"]
[BlackElo "1903"]
[PlyCount "40"]
[GameId "2160767911564348"]
[EventDate "2001.07.07"]
[EventType "swiss"]
[EventRounds "10"]
[EventCountry "CAN"]
[SourceTitle "EXT 2006"]
[Source "ChessBase"]
[SourceDate "2005.11.24"]
[SourceVersion "1"]
[SourceVersionDate "2005.11.24"]
[SourceQuality "1"]

1. d4 Nf6 2. Nf3 e6 3. Bg5 c5 4. e3 d5 5. Bd3 Nc6 6. O-O Be7 7. dxc5 Bxc5 8. c3 e5 9. Bb5 Bg4 10. Bxf6 gxf6 11. Qa4 Qd7 12. Nbd2 a6 13. Nb3 Ba7 14. Be2 O-O 15. Nbd2 Nd4 16. Bd1 Qxa4 17. Bxa4 Nxf3+ 18. Nxf3 Kh8 19. Bb3 Rad8 20. Kh1 Rfe8 1/2-1/2

[Event "CAN-op"]
[Site "Sackville CAN"]
[Date "2001.07.14"]
[Round "9"]
[White "Urquhart, Eddie"]
[Black "Chow, Vincent"]
[Result "1-0"]
[WhiteElo "2233"]
[BlackElo "2084"]
[PlyCount "97"]
[GameId "2160767911564349"]
[EventDate "2001.07.07"]
[EventType "swiss"]
[EventRounds "10"]
[EventCountry "CAN"]
[SourceTitle "EXT 2006"]
[Source "ChessBase"]
[SourceDate "2005.11.24"]
[SourceVersion "1"]
[SourceVersionDate "2005.11.24"]
[SourceQuality "1"]

1. e4 c6 2. d4 d5 3. exd5 cxd5 4. c4 Nf6 5. Nc3 e6 6. c5 a5 7. Bf4 Bd7 8. Nf3 b6 9. Na4 bxc5 10. dxc5 Be7 11. Rc1 O-O 12. Bd3 Nc6 13. O-O Nb4 14. Bb1 Bxa4 15. Qxa4 Rc8 16. a3 Nc6 17. b4 axb4 18. axb4 Nh5 19. Bd2 e5 20. b5 e4 21. Nd4 Nxd4 22. Qxd4 Bf6 23. Qa4 Bg5 24. Be3 f5 25. Qd1 f4 26. Qxh5 fxe3 27. f4 Bxf4 28. Ba2 e2 29. Qxe2 Bxc1 30. Rxc1 Kh8 31. Qd2 Rxc5 32. Rxc5 Qb6 33. Qe3 d4 34. Qxd4 Rd8 35. Qe3 Rd1+ 36. Kf2 Qf6+ 37. Kg3 Qd6+ 38. Kg4 Qd7+ 39. Kh4 h6 40. Rc3 g5+ 41. Kg3 Qd6+ 42. Kh3 g4+ 43. Kxg4 Qg6+ 44. Kh4 Qf6+ 45. Kh3 Rd8 46. Ra3 Rc8 47. Qxe4 h5 48. Rf3 Qg7 49. Qf5 1-0

[Event "CAN-op"]
[Site "Sackville CAN"]
[Date "2001.07.14"]
[Round "9"]
[White "Venning, Ron"]
[Black "Jarve, Jaak"]
[Result "0-1"]
[WhiteElo "1655"]
[BlackElo "1823"]
[PlyCount "86"]
[GameId "2160767911564350"]
[EventDate "2001.07.07"]
[EventType "swiss"]
[EventRounds "10"]
[EventCountry "CAN"]
[SourceTitle "EXT 2006"]
[Source "ChessBase"]
[SourceDate "2005.11.24"]
[SourceVersion "1"]
[SourceVersionDate "2005.11.24"]
[SourceQuality "1"]

1. e4 c5 2. Nc3 Nc6 3. g3 d6 4. Bg2 e5 5. d3 Be6 6. f4 f6 7. f5 Bf7 8. g4 h5 9. h3 hxg4 10. hxg4 Rxh1 11. Bxh1 Nd4 12. Nce2 Qb6 13. Nxd4 cxd4 14. b3 Rc8 15. g5 fxg5 16. Bxg5 Qc5 17. Bf3 Qxc2 18. Qxc2 Rxc2 19. Ne2 Be7 20. Bxe7 Nxe7 21. Kd1 Rc6 22. Rc1 a5 23. Rc2 a4 24. Nc1 axb3 25. Nxb3 Bxb3 26. axb3 Rb6 27. Bh5+ Kd8 28. Bf7 d5 29. Rb2 dxe4 30. dxe4 Rf6 31. Bc4 Rh6 32. Kd2 Nc6 33. Ra2 Rh2+ 34. Be2 Kc7 35. Ra1 Nd8 36. Kd3 Rh3+ 37. Kc4 Rc3+ 38. Kd5 d3 39. Bh5 d2 40. Kxe5 Rc1 41. Ra4 d1=Q 42. Bxd1 Rxd1 43. Rd4 Nc6+ 0-1

[Event "CAN-op"]
[Site "Sackville CAN"]
[Date "2001.07.14"]
[Round "9"]
[White "Zimninski, Nick"]
[Black "Richard, Andy"]
[Result "0-1"]
[WhiteElo "1840"]
[BlackElo "1675"]
[PlyCount "79"]
[GameId "2160767911564351"]
[EventDate "2001.07.07"]
[EventType "swiss"]
[EventRounds "10"]
[EventCountry "CAN"]
[SourceTitle "EXT 2006"]
[Source "ChessBase"]
[SourceDate "2005.11.24"]
[SourceVersion "1"]
[SourceVersionDate "2005.11.24"]
[SourceQuality "1"]

1. d4 f5 2. Nf3 Nf6 3. e3 e6 4. Nbd2 b6 5. Bd3 Bb7 6. Qe2 Ne4 7. Bxe4 fxe4 8. Ne5 Qg5 9. Qg4 Qxg4 10. Nxg4 d6 11. h3 Nd7 12. b3 h5 13. Nh2 Nf6 14. Bb2 O-O-O 15. O-O-O Be7 16. Nhf1 g5 17. Ng3 h4 18. Ne2 g4 19. Nf4 Kd7 20. Nc4 Rdg8 21. Ne5+ dxe5 22. dxe5+ Nd5 23. c4 c6 24. cxd5 cxd5 25. hxg4 Rxg4 26. Rh2 Bg5 27. Ne2 Ba6 28. Nc3 Rf8 29. Rd2 Bd3 30. Kd1 h3 31. g3 Rxg3 32. Rxd3 Rg1+ 33. Kd2 exd3 34. Kxd3 Rf3 35. Ne2 Rg2 36. Rxg2 hxg2 37. Bd4 Rxf2 38. Ng1 Rf1 39. e4 dxe4+ 40. Kxe4 0-1

[Event "CAN-op"]
[Site "Sackville CAN"]
[Date "2001.07.15"]
[Round "10"]
[White "Arsenault, Normand"]
[Black "Gilks, James"]
[Result "1-0"]
[WhiteElo "1545"]
[BlackElo "1691"]
[PlyCount "51"]
[GameId "2160767911564352"]
[EventDate "2001.07.07"]
[EventType "swiss"]
[EventRounds "10"]
[EventCountry "CAN"]
[SourceTitle "EXT 2006"]
[Source "ChessBase"]
[SourceDate "2005.11.24"]
[SourceVersion "1"]
[SourceVersionDate "2005.11.24"]
[SourceQuality "1"]

1. c4 e6 2. g3 b6 3. Bg2 Nc6 4. e4 Bb7 5. Ne2 Bc5 6. O-O Rb8 7. d4 Be7 8. Nbc3 Bg5 9. f4 Bh6 10. Be3 Nge7 11. Qd2 O-O 12. b3 g6 13. Rac1 Bg7 14. d5 exd5 15. cxd5 Nb4 16. a3 Na6 17. b4 h5 18. Rfd1 d6 19. Bh3 f5 20. Bg2 fxe4 21. Nxe4 Nxd5 22. Ng5 Nxe3 23. Qxe3 Re8 24. Qd3 Bxg2 25. Kxg2 b5 26. Qd5+ 1-0

[Event "CAN-op"]
[Site "Sackville CAN"]
[Date "2001.07.15"]
[Round "10"]
[White "Brown, John R"]
[Black "Legacy, Leo"]
[Result "1-0"]
[WhiteElo "1723"]
[BlackElo "1585"]
[PlyCount "43"]
[GameId "2160767911564353"]
[EventDate "2001.07.07"]
[EventType "swiss"]
[EventRounds "10"]
[EventCountry "CAN"]

1. d4 d5 2. e4 dxe4 3. Nc3 Nf6 4. f3 Bf5 5. fxe4 Bxe4 6. Nf3 e6 7. Bf4 Bb4 8. a3 Bd6 9. Bg5 a6 10. Nxe4 Nbd7 11. Nxd6+ cxd6 12. Bd3 e5 13. O-O Qb6 14. Qe2 O-O 15. Bxf6 Nxf6 16. Ng5 Qxd4+ 17. Kh1 e4 18. Nxe4 Nxe4 19. Qxe4 Qxe4 20. Bxe4 Ra7 21. Rad1 Re8 22. Rxd6 1-0

[Event "CAN-op"]
[Site "Sackville CAN"]
[Date "2001.07.15"]
[Round "10"]
[White "Brun, Jacques L"]
[Black "Haley, Phil"]
[Result "1-0"]
[WhiteElo "1767"]
[BlackElo "1883"]
[PlyCount "77"]
[GameId "2160767911564354"]
[EventDate "2001.07.07"]
[EventType "swiss"]
[EventRounds "10"]
[EventCountry "CAN"]
[SourceTitle "EXT 2006"]
[Source "ChessBase"]
[SourceDate "2005.11.24"]
[SourceVersion "1"]
[SourceVersionDate "2005.11.24"]
[SourceQuality "1"]

1. e4 d6 2. d4 g6 3. Nc3 c6 4. Nf3 Bg7 5. h3 Nd7 6. Be2 b5 7. a3 Bb7 8. Bf4 e5 9. dxe5 dxe5 10. Be3 Qc7 11. O-O a6 12. Qd2 Rd8 13. Rad1 Ngf6 14. Bh6 O-O 15. Qe3 Rfe8 16. Bg5 Rc8 17. Nh2 Bf8 18. Ng4 Nxg4 19. Bxg4 Nb6 20. Bxc8 Bxc8 21. Rd3 Nc4 22. Qc1 f5 23. exf5 Bxf5 24. Rdd1 Qc8 25. Ne2 Bc5 26. Kh2 Nb6 27. Ng3 Be6 28. Ne4 Be7 29. Nf6+ Bxf6 30. Bxf6 Kf7 31. Bxe5 Bf5 32. Bd4 Qc7+ 33. Kg1 Nd5 34. Qh6 Kg8 35. Rfe1 Rf8 36. Be3 Rd8 37. Bd4 Bxc2 38. Rd2 Bf5 39. Rde2 1-0

[Event "CAN-op"]
[Site "Sackville CAN"]
[Date "2001.07.15"]
[Round "10"]
[White "Chevalier, Francois"]
[Black "Zimninski, Nick"]
[Result "1/2-1/2"]
[WhiteElo "1671"]
[BlackElo "1840"]
[PlyCount "52"]
[GameId "2160767911564355"]
[EventDate "2001.07.07"]
[EventType "swiss"]
[EventRounds "10"]
[EventCountry "CAN"]
[SourceTitle "EXT 2006"]
[Source "ChessBase"]
[SourceDate "2005.11.24"]
[SourceVersion "1"]
[SourceVersionDate "2005.11.24"]
[SourceQuality "1"]

1. e4 c6 2. d4 d5 3. exd5 cxd5 4. Bd3 Nf6 5. c3 Nc6 6. Bf4 Bg4 7. Qb3 Na5 8. Qa4+ Nc6 9. Nd2 Bd7 10. Qc2 Rc8 11. Qb1 e6 12. Ngf3 Be7 13. O-O O-O 14. h3 a6 15. Qe1 Na5 16. Qe2 b5 17. Ne5 Nc4 18. Ndf3 g6 19. a3 Nh5 20. Bh6 Ng7 21. Rae1 Re8 22. g4 Nd6 23. Qe3 Bf8 24. Bg5 Be7 25. Bh6 Bf8 26. Bg5 Be7 1/2-1/2

[Event "CAN-op"]
[Site "Sackville CAN"]
[Date "2001.07.15"]
[Round "10"]
[White "Chow, Vincent"]
[Black "Hill, Roderick"]
[Result "1/2-1/2"]
[WhiteElo "2084"]
[BlackElo "1799"]
[PlyCount "91"]
[GameId "2160767911564356"]
[EventDate "2001.07.07"]
[EventType "swiss"]
[EventRounds "10"]
[EventCountry "CAN"]

1. d4 Nc6 2. c4 e5 3. d5 Nce7 4. Nc3 Ng6 5. a3 a5 6. Nf3 Nf6 7. g3 Bc5 8. Bg2 O-O 9. O-O h6 10. Na4 Qe7 11. Nd2 Rd8 12. Nb3 d6 13. Nbxc5 dxc5 14. Be3 Nd7 15. Qc2 Rb8 16. Bd2 b6 17. Rab1 Nf6 18. b4 axb4 19. axb4 cxb4 20. Bxb4 Qe8 21. Nc3 Bd7 22. Ra1 Ra8 23. Ne4 Nxe4 24. Bxe4 Ba4 25. Qc3 c6 26. d6 Qd7 27. c5 bxc5 28. Bxc5 Nf8 29. Bb6 Re8 30. Bc7 Bb5 31. Rxa8 Rxa8 32. Rc1 Ra6 33. e3 g6 34. Qxe5 Ne6 35. Bg2 Nxc7 36. dxc7 Ra7 37. Bh3 Qxc7 38. Qe8+ Kg7 39. Rd1 Qe7 40. Qc8 Rc7 41. Qb8 Rb7 42. Qc8 Rc7 43. Qb8 Rb7 44. Qf4 c5 45. Ra1 Bc6 46. Qc4 1/2-1/2

[Event "CAN-op"]
[Site "Sackville CAN"]
[Date "2001.07.15"]
[Round "10"]
[White "Cushway, Galen"]
[Black "Carayanniotis, George"]
[Result "1-0"]
[WhiteElo "1186"]
[BlackElo "1459"]
[PlyCount "51"]
[GameId "2160767911564358"]
[EventDate "2001.07.07"]
[EventType "swiss"]
[EventRounds "10"]
[EventCountry "CAN"]
[SourceTitle "EXT 2006"]
[Source "ChessBase"]
[SourceDate "2005.11.24"]
[SourceVersion "1"]
[SourceVersionDate "2005.11.24"]
[SourceQuality "1"]

1. c4 Nf6 2. g3 d6 3. Bg2 g6 4. Nc3 Bg7 5. e3 c6 6. Nge2 O-O 7. O-O Re8 8. d4 d5 9. b3 e5 10. dxe5 Rxe5 11. Bb2 Re8 12. cxd5 Nxd5 13. Qd2 Be6 14. Rad1 Na6 15. Nxd5 Bxb2 16. Qxb2 Bxd5 17. Nf4 Nc7 18. e4 Qg5 19. exd5 cxd5 20. Bxd5 Nxd5 21. Rxd5 Qg4 22. Rfd1 Rac8 23. Qf6 Rc6 24. Nh5 Qxd1+ 25. Rxd1 Rxf6 26. Nxf6+ 1-0

[Event "CAN-op"]
[Site "Sackville CAN"]
[Date "2001.07.15"]
[Round "10"]
[White "Deimert, David"]
[Black "Turcot, Jean"]
[Result "0-1"]
[WhiteElo "1250"]
[BlackElo "1460"]
[PlyCount "66"]
[GameId "2160767911564359"]
[EventDate "2001.07.07"]
[EventType "swiss"]
[EventRounds "10"]
[EventCountry "CAN"]
[SourceTitle "EXT 2006"]
[Source "ChessBase"]
[SourceDate "2005.11.24"]
[SourceVersion "1"]
[SourceVersionDate "2005.11.24"]
[SourceQuality "1"]

1. e4 e5 2. Nf3 Nc6 3. Bc4 Nf6 4. Ng5 d5 5. exd5 Na5 6. Bb5+ c6 7. dxc6 bxc6 8. Be2 h6 9. Nf3 e4 10. Ng1 Bd6 11. d3 O-O 12. Be3 Qc7 13. dxe4 Nxe4 14. Nf3 Re8 15. c3 Bg4 16. h3 Bxf3 17. Bxf3 Ng3 18. Rg1 Nc4 19. Qc1 Nxe3 20. fxe3 Bf4 21. Kf2 Bxe3+ 22. Qxe3 Rxe3 23. Kxe3 Qb6+ 24. Kf4 Qxg1 25. Kxg3 Re8 26. a4 Re1 27. Ra3 Rxb1 28. Rb3 Qe1+ 29. Kh2 Qe5+ 30. g3 Qe3 31. h4 Qxf3 32. Rb8+ Kh7 33. Rb7 Qh1# 0-1

[Event "CAN-op"]
[Site "Sackville CAN"]
[Date "2001.07.15"]
[Round "10"]
[White "Deimert, Elroy"]
[Black "Fleury, Bruce"]
[Result "0-1"]
[WhiteElo "1783"]
[BlackElo "1669"]
[PlyCount "52"]
[GameId "2160767911564360"]
[EventDate "2001.07.07"]
[EventType "swiss"]
[EventRounds "10"]
[EventCountry "CAN"]
[SourceTitle "EXT 2006"]
[Source "ChessBase"]
[SourceDate "2005.11.24"]
[SourceVersion "1"]
[SourceVersionDate "2005.11.24"]
[SourceQuality "1"]

1. e4 c5 2. Nf3 d6 3. d4 cxd4 4. Nxd4 Nf6 5. Nc3 a6 6. Be3 Qc7 7. Qd2 e6 8. f3 b5 9. a3 Bb7 10. Bd3 Nbd7 11. Rd1 Be7 12. Qf2 O-O 13. g4 Ne5 14. h4 Rfe8 15. h5 Nfd7 16. h6 g6 17. Ke2 Rac8 18. Rdg1 d5 19. f4 Nxd3 20. cxd3 dxe4 21. dxe4 Nc5 22. Qg2 e5 23. Nf5 exf4 24. Bd4 Nxe4 25. Qh3 Nxc3+ 26. Qxc3 Bb4+ 0-1